| 000 | 00994cam a2200193 4500 | ||
|---|---|---|---|
| 001 | ABS61236 | ||
| 008 | 000000n1999 000 0 eng u | ||
| 035 | _a(Sirsi) u101840 | ||
| 245 | _aTrustees of the Eyre Estate v Saphir and another. | ||
| 260 | _c1999 | ||
| 490 |
_aEstates Gazette _v[1999] 34 EG 71-80(10) |
||
| 520 | _aLT 25 February 1999. The tenants (S) of a cottage-style house served a notice of claim to acquire the freehold under the Leasehold Reform Act 1967, and the leasehold valuation tribunal determined the enfranchisement price at £459 000. The landlords (E) appealed the valuation, and S cross-appealed, contending that E were not entitled to a rehearing. Held, appeal allowed and the cross-appeal dismissed. The enfranchisement price was £519 000. | ||
| 650 | _aRIGHT OF APPEAL | ||
| 650 | _aYIELDS | ||
| 650 | _aSETTLEMENTS | ||
| 650 | _aTRUSTEES OF THE EYRE ESTATE V SAPHIR AND ANOTHER | ||
| 690 | _aLANDLORD AND TENANT-LEASEHOLD REFORM-CASE LAW | ||
| 942 | _n0 | ||
| 999 |
_c60950 _d60950 |
||